Divina comedia. El convite /

Guardado en:
Autor Principal: Alighieri, Dante.
Otros Autores: Vilella, Eduardo; pról., Crespo, Ángel; trad., Gutiérrez García, José Luis; trad.
Formato: Libro
Idioma:Undetermined
Publicado: Madrid : Gredos, 2015.
Series:Grandes autores de la literatura
Materias:
Etiquetas: Agregar Etiqueta
Sin Etiquetas, Sea el primero en etiquetar este registro!
LEADER 00851nam a22002415a 4500
001 CEM.cems020566
008 231020s2015####sp############000#0#und#d
005 20231020201327.0
245 1 0 |a Divina comedia. El convite /  |c Dante Alighieri ; estudio introductorio por Eduardo Vilella ; traducción y notas por Ángel Crespo y José Luis Gutiérrez García. 
260 |a Madrid :  |b Gredos,  |c 2015. 
300 |a 848 p. 
490 1 |a Grandes autores de la literatura 
020 |a 9788447382958 
100 1 |a Alighieri, Dante. 
700 1 |a Vilella, Eduardo; pról. 
700 1 |a Crespo, Ángel; trad. 
700 1 |a Gutiérrez García, José Luis; trad. 
653 |a Literatura italiana 
653 |a Poesía italiana 
653 |a Tratado italiano 
653 |a Poesía 
653 |a Tratado 
859 |a CEMS  |b BIB. CEMS - 11 de abril  |h 851.1  |i Al44-1  |p 29768.23  |t Ej.1